|
|
|
|
| LEADER |
01237nam a2200277 a 4500 |
| 001 |
15708 |
| 003 |
BD-DhAAL |
| 008 |
090514s1967 enka 001 0 eng d |
| 010 |
|
|
|a 80001150
|
| 020 |
|
|
|a 013853473
|
| 040 |
|
|
|a Uk
|c Uk
|d BD-DhAAL
|
| 082 |
0 |
4 |
|a 624.1771
|2 17
|
| 100 |
1 |
|
|a Salvadori, Mario,
|d 1907-1997
|9 25261
|
| 245 |
1 |
0 |
|a Structural design in architecture /
|c Mario Salvadori, Matthys Levy.
|
| 250 |
|
|
|a Second edition /
|b with example and problem solutions by Howard H.M. Hwang.
|
| 260 |
|
|
|a Englewood Cliffs ;
|a London :
|b Prentice-Hall,
|c c1967.
|
| 300 |
|
|
|a xxii, 458 pages :
|b illustrations ;
|c 24 cm
|
| 500 |
|
|
|a Includes index.
|
| 526 |
|
|
|a ARC
|x Shanta Das
Faculty member of Architecture (ARC)
Course Title and No. : N/A
|
| 541 |
1 |
|
|e 15708
|a J & J Books
|
| 650 |
|
0 |
|a Structural design.
|
| 700 |
1 |
|
|a Levy, Matthys.
|9 57268
|
| 852 |
4 |
|
|a Ayesha Abed Library
|c General Stacks
|
| 942 |
|
|
|2 ddc
|c BK
|
| 999 |
|
|
|c 8876
|d 8876
|
| 952 |
|
|
|0 0
|1 0
|2 ddc
|4 1
|6 624_177100000000000_SAL_1967
|7 0
|9 10823
|a BRACUL
|b BRACUL
|c SPS
|d 2010-06-09
|e J & J Books
|g 292.00
|l 0
|o 624.1771 SAL
|p 3010015708
|r 2010-06-09
|t 1
|w 2010-06-09
|y BK
|x Photocopy Book. Declared as Damaged on December 10, 2023 ; Requisitioned by Shanta Das, Faculty member of Architecture (ARC).
|